000 00569nam a2200181 i 4500
001 36426
003 ES-MaACL
005 20251013215827.0
007 t|
008 030218s1912 fr ||||1| fre d
100 1 _aBuisson, Ferdinand.
_932468
245 1 3 _aLa foi laigne
_b: estraits de discours et d'ecrits (1878-1911) /
_cFerdinand Buisson ; préface de Raymond Poincaré.
260 _aParis :
_bHachette,
_c1912.
300 _aXIV, 336 p. ;
_c18 cm.
700 1 _aPoincaré, Raymond,
_d1860-1934
_992753
852 _aES-MaACL
_jG-3228
999 _c36426
_d36426